Teología política contemporánea : (Record n. 12763)
[ formato base ]
| 000 -LEADER | |
|---|---|
| fixed length control field | 00931cam a2200265 i 4500 |
| 003 - CONTROL NUMBER IDENTIFIER | |
| control field | IT-RoINE |
| 005 - DATE AND TIME OF LATEST TRANSACTION | |
| control field | 20211117062808.0 |
| 008 - FIXED-LENGTH DATA ELEMENTS--GENERAL INFORMATION | |
| fixed length control field | 960726s1995 sp | r ||1 ||spa d |
| 020 ## - INTERNATIONAL STANDARD BOOK NUMBER | |
| International Standard Book Number | 8472993442 |
| 040 ## - CATALOGING SOURCE | |
| Original cataloging agency | SpMaBN |
| Transcribing agency | SpMaBN |
| Modifying agency | IT-RoINE |
| 100 1# - MAIN ENTRY--PERSONAL NAME | |
| 9 (RLIN) | 2652 |
| Personal name | González Montes, Adolfo, |
| Titles and other words associated with a name | Obispo de Almería, |
| Dates associated with a name | 1946- |
| 245 10 - TITLE STATEMENT | |
| Title | Teología política contemporánea : |
| Remainder of title | historia y sistemas / |
| Statement of responsibility, etc | Adolfo González Montes. |
| 260 ## - PUBLICATION, DISTRIBUTION, ETC. (IMPRINT) | |
| Place of publication, distribution, etc | Salamanca : |
| Name of publisher, distributor, etc | Universidad Pontificia de Salamanca, |
| Date of publication, distribution, etc | 1995. |
| 300 ## - PHYSICAL DESCRIPTION | |
| Extent | 347 p. ; |
| Dimensions | 24 cm. |
| 336 ## - CONTENT TYPE | |
| Source | rdacontent |
| Content type term | text |
| 337 ## - MEDIA TYPE | |
| Source | rdamedia |
| Media type term | unmediated |
| 338 ## - CARRIER TYPE | |
| Source | rdacarrier |
| Carrier type term | volume |
| 490 1# - SERIES STATEMENT | |
| Series statement | Bibliotheca Salmanticensis. |
| -- | Estudios ; |
| Volume number/sequential designation | 171 |
| 500 ## - GENERAL NOTE | |
| General note | Incluye índice. |
| 504 ## - BIBLIOGRAPHY, ETC. NOTE | |
| Bibliography, etc | Bibliografía: p. [297]-315 |
| 650 #4 - SUBJECT ADDED ENTRY--TOPICAL TERM | |
| Topical term or geographic name as entry element | Teología política |
| 9 (RLIN) | 3623 |
| 650 #0 - SUBJECT ADDED ENTRY--TOPICAL TERM | |
| Topical term or geographic name as entry element | Cristianismo y política |
| 9 (RLIN) | 4180 |
| 830 #0 - SERIES ADDED ENTRY--UNIFORM TITLE | |
| 9 (RLIN) | 3087 |
| Uniform title | Bibliotheca Salmanticensis. |
| Name of part/section of a work | Estudios ; |
| Volume number/sequential designation | 171 |
| 942 ## - ADDED ENTRY ELEMENTS (KOHA) | |
| Item type | Monografías |
| Withdrawn status | Lost status | Damaged status | Not for loan | Home library | Current library | Date acquired | Total Checkouts | Full call number | Barcode | Date last seen | Price effective from | Koha item type | Public note |
|---|---|---|---|---|---|---|---|---|---|---|---|---|---|
| Iglesia Nacional Española en Roma | Iglesia Nacional Española en Roma | 20/09/2016 | COL.A 40.171 | 28967 | 20/09/2016 | 20/09/2016 | Monografías | ||||||
| Iglesia Nacional Española en Roma | Iglesia Nacional Española en Roma | 13/02/2019 | NOVALÍN 1592 | NOV-1745 | 13/02/2019 | 13/02/2019 | Monografías | Dedicatoria autógrafa del A. a monseñor Novalín |